Statistics for Ghana World Cup 2014 squad

Click here to take the quiz!

General Stats

  • This quiz has been taken 129 times
    (119 since last reset)
  • The average score is 11 of 24

Answer Stats

% Correct
FWAsamoah GyanAl Ain
91%
FWKevin-Prince BoatengSchalke 04
85%
MDSulley MuntariAC Milan
83%
MDKwadwo AsamoahJuventus
82%
MDMichael EssienAC Milan
82%
FWJordan AyewSochaux
80%
MDAndre AyewMarseille
80%
DFJonathan MensahEvian
58%
COACHJames Kwesi Appiah/
44%
MDChristian AtsuVitesse Arnhem
44%
DFJohn BoyeRennes
40%
MDAgyemang BaduUdinese
34%
FWMajeed WarisValenciennes
34%
GKFatau DaudaOrlando Pirates
33%
MDAlbert AdomahMiddlesbrough
32%
DFDaniel OpareStandard Liège
32%
MDMubarak WakasoRubin Kazan
27%
DFHarrison AffulEsperance Tunis
26%
GKAdam Larsen KwaraseyStromsgodset
25%
DFSamuel InkoomPlatanias
20%
MDAfriyie AcquahParma
19%
MDMohammed RabiuEvian
18%
GKStephen AdamsAduana Stars
14%
DFRashid SumailaMamelodi Sundowns
11%

Score Distribution

Percentile by Number Answered

Percent of People with Each Score

Your Score History

You have not taken this quiz since the last reset